| 000 | 00429nam a22001697a 4500 | ||
|---|---|---|---|
| 999 |
_c7598 _d7598 |
||
| 003 | GBCCL | ||
| 005 | 20241126110632.0 | ||
| 008 | 180829b ||||| |||| 00| 0 eng d | ||
| 040 | _cgbc | ||
| 082 |
_aVER 305.8954 _bKHA |
||
| 100 |
_aKhaijalam, S.T. _913417 |
||
| 245 |
_aGangte history: _bin Gangte |
||
| 260 |
_c1988. _aManipur: _bAuthor, |
||
| 300 | _av.2 | ||
| 650 |
_aGangte (Asian people) _vhistory _913418 |
||
| 942 |
_2ddc _cBK |
||